000 00731nam a2200229 a 4500
001 52027
003 BD-RjUL
005 20211209075738.0
008 160905s1983 ru a 001 0 eng d
035 _a(BD-RjUL)52147
040 _aVA@
_cVA@
_dEQO
_dBD-RjUL
_beng
041 _aeng
082 _223
_a335.43
_bLEO 1983
100 1 _aLenin, Vladimir Ilʹich
_d1870-1924.
_9155585
245 1 0 _aOn state capitalism during the transition to socialism /
_cVladimir Ilʹich Lenin
260 _aMoscow :
_bProgress Publishers,
_cc 1983
300 _a269 p. :
_bill. ;
_c20 cm.
500 _aIncludes index
650 0 _aSocialism and state
_zSoviet Union.
_9155586
650 0 _aIndustrial policy
_zSoviet Union.
_9140669
942 _2ddc
_cBK
999 _c52027
_d52027